South Eastern Kenya University

Library Online Public Access Catalogue


Physics made simple / (Record no. 11317)

MARC details
000 -LEADER
fixed length control field 00705pam a2200253 a 4500
001 - CONTROL NUMBER
control field 1034681
003 - CONTROL NUMBER IDENTIFIER
control field OSt
005 - DATE AND TIME OF LATEST TRANSACTION
control field 20160223091908.0
008 - FIXED-LENGTH DATA ELEMENTS--GENERAL INFORMATION
fixed length control field 890222s1990 nyua 001 0 eng
010 ## - LIBRARY OF CONGRESS CONTROL NUMBER
LC control number 89001165
020 ## - INTERNATIONAL STANDARD BOOK NUMBER
International Standard Book Number 038524228X :
Terms of availability $9.95 ($12.95 Can.)
040 ## - CATALOGING SOURCE
Original cataloging agency SEKU
050 00 - LIBRARY OF CONGRESS CALL NUMBER
Classification number QC 23
Item number .F7 1990
100 1# - MAIN ENTRY--PERSONAL NAME
Personal name Freeman, Ira Maximilian,
Dates associated with a name 1905-
245 10 - TITLE STATEMENT
Title Physics made simple /
Statement of responsibility, etc. Ira M. Freeman ; revised by William J. Durden.
250 ## - EDITION STATEMENT
Edition statement 1st ed.
260 ## - PUBLICATION, DISTRIBUTION, ETC. (IMPRINT)
Place of publication, distribution, etc. New York :
Name of publisher, distributor, etc. Doubleday,
Date of publication, distribution, etc. 1990.
300 ## - PHYSICAL DESCRIPTION
Extent 207 p. :
Other physical details ill. ;
Dimensions 26 cm.
500 ## - GENERAL NOTE
General note "A Made simple book."
500 ## - GENERAL NOTE
General note Includes index.
650 #0 - SUBJECT ADDED ENTRY--TOPICAL TERM
Topical term or geographic name as entry element Physics.
700 1# - ADDED ENTRY--PERSONAL NAME
Personal name Durden, William J.
942 ## - ADDED ENTRY ELEMENTS (KOHA)
Source of classification or shelving scheme Library of Congress Classification
Koha item type General circulation
Holdings
Withdrawn status Lost status Source of classification or shelving scheme Damaged status Not for loan Home library Current library Shelving location Date acquired Source of acquisition Full call number Barcode Date last seen Price effective from Koha item type Public note
    Library of Congress Classification     SEHSS - Library SEHSS - Library General Stacks 23/02/2016 Donation-books for Africa [EHS] QC 23 .F7 1990 2016/010398 23/02/2016 23/02/2016 General circulation A.K.
Kitui, Kenya.
+254736116989
library@seku.ac.ke